| 000 | 01657cam a2200385 i 4500 | ||
|---|---|---|---|
| 001 | 2451 | ||
| 003 | Mx-PuUPA | ||
| 005 | 20251113112846.0 | ||
| 008 | 140415s2014 mx a gr 000 0 spa d | ||
| 020 | _a9786071718457 | ||
| 040 |
_cMx-PuUPA _aMx-PuUPA _bspa _dMx-PuUPA _erda |
||
| 041 | 0 | _aspa | |
| 245 | 0 | 0 |
_aSubproductos animales / _ccon la colaboración de Ir. Marco R. Meyer, F. Kirchner Salinas, E. López González [y otro] |
| 250 |
_aCuarta edición / _bfebrero |
||
| 264 | 0 |
_aCiudad de México : _bEditorial Trillas : SEP, _c©2014 |
|
| 300 |
_a96 páginas : _bilustraciones, diagramas, tablas ; _c24 cm |
||
| 336 |
_2rdacontent _atexto _btxt |
||
| 336 |
_2rdacontent _aimagen fija _bsti |
||
| 337 |
_2rdamedia _asin medio _bn |
||
| 338 |
_2rdacarrier _avolumen _bnc |
||
| 490 | 0 | _aManuales para educación agropecuaria. Industrial rurales | |
| 500 | _a"Basado en el trabajo de Dott. Prof. Gaetano Paltrinieri -- Contraportada | ||
| 500 | _a"Instalaciones de procedimiento ; Ventajas del uso de subproductos ; Obtención y conservación de subproductos ; Elaboración de harinas y otros productos" -- Cubierta | ||
| 650 | 7 |
_2armarc _aProductos animales _xIndustria y comercio |
|
| 650 | 7 |
_2armarc _aMercancias |
|
| 650 | 7 |
_2armarc _aAlimentos de origen animal |
|
| 650 | 7 |
_2armarc _aCueros y pieles |
|
| 700 | 1 |
_aMeyer, Marco R., _ecolaborador _917692 |
|
| 700 | 1 |
_aKirchner Salinas, F., _ecolaborador |
|
| 700 | 1 |
_aLópez González, E., _ecolaborador |
|
| 942 |
_2ddc _cLI _h636.0883 _iS54 |
||
| 999 |
_c2451 _d2451 |
||